Dohody o vykonaní práce - právna úprava

Porovnanie dohôd a pracovného pomeru. Dohoda o vykonaní práce a dohoda o brigádnickej práci študentov. Odmena za vykonanie pracovnej úlohy. Úprava dohody o pracovnej činnosti. Spôsoby ukončenia dohody o pracovnej činnosti.

Salvato in:
Dettagli Bibliografici
Autore principale: Hrtánek, Ladislav
Natura: Capitolo di libro
Lingua:slovacco
Soggetti:
Tags: Aggiungi Tag
Nessun Tag, puoi essere il primo ad aggiungerne!!

MARC

LEADER 00000naa a2200000 4500
001 0280869
005 20240417075150.2
041 0 |a slo 
044 |a SK 
245 1 0 |a Dohody o vykonaní práce - právna úprava  |c Ladislav Hrtánek 
520 |a Porovnanie dohôd a pracovného pomeru. Dohoda o vykonaní práce a dohoda o brigádnickej práci študentov. Odmena za vykonanie pracovnej úlohy. Úprava dohody o pracovnej činnosti. Spôsoby ukončenia dohody o pracovnej činnosti. 
610 2 0 |a dohody o vykonaní práce 
610 2 0 |a úpravy právne 
610 2 0 |a pomer pracovný 
610 2 0 |a vzťahy pracovnoprávne 
610 2 0 |a zamestnanci 
610 2 0 |a odmeny 
610 2 0 |a zákonník práce 
100 1 |a Hrtánek, Ladislav